000 00693nam a2200229 i 4500
001 bg
100 1 _aEINSTEIN, Carl
245 1 0 _aDie Kunst des 20. Jahrhunderts /
_cCarl Einstein ; hrsg. und komment. von Uwe Fleckner und Thomas W. Gaehtgens.
260 _aBerlin :
_bFannei & Walz,
_ccop. 1996.
300 _a863 s. :
_bil. (w tym kolor.) ;
_c27 cm.
504 _aIndeks.
650 9 _aSztuka europejska
_xhistoria
_y20 w.
700 1 _aFLECKNER, Uwe.
_eRed.
700 1 _aGAEHTGENS, Thomas W.
_eRed.
020 _a392757435X
040 _cBPK
041 0 _ade
080 _a7.035/.036(4)"19"
920 _a3-927574-35-X
942 _cKS
008 s pl f |000 0 pol
999 _c34776
_d34776
856 _uhttp://koha.tu.koszalin.pl/cgi-bin/koha/opac-detail.pl?biblionumber=34776
_yKatalog online BPK